More Paper Craft/ (Record no. 78302)

MARC details
000 -LEADER
fixed length control field 00656nam a22001937a 4500
005 - DATE AND TIME OF LATEST TRANSACTION
control field 20130819132456.0
010 ## - LCCN (DPL NO)
LC control number B-523588-590
020 ## - INTERNATIONAL STANDARD BOOK NUMBER
Terms of availability 90.00
International Standard Book Number 9788184773910
035 ## - SYSTEM CONTROL NUMBER
System control number B-523588-590
037 ## - SOURCE OF ACQUISITION
Stock number KKP/VEN
Source of stock number/acquisition DPL
082 ## - DEWEY DECIMAL CLASSIFICATION NUMBER
Classification number 745.54
100 ## - MAIN ENTRY--PERSONAL NAME
Personal name Bennett, Anita
245 ## - TITLE STATEMENT
Title More Paper Craft/
Statement of responsibility, etc by Anita Bennett
260 ## - PUBLICATION, DISTRIBUTION, ETC. (IMPRINT)
Place of publication, distribution, etc USA
Name of publisher, distributor, etc Scholastic India Pvt.ltd.
Date of publication, distribution, etc 2009
270 ## - ADDRESS
Address Golf View Corporate Tower-A,3rd Floor,dlf phase-v
City Gurgaon
Postal code 122002
300 ## - PHYSICAL DESCRIPTION
Extent 112p.
Other physical details ill.
Dimensions 14cm.(pbk)
942 ## - ADDED ENTRY ELEMENTS (KOHA)
Source of classification or shelving scheme Dewey Decimal Classification
Item type Children Books
Call number suffix BEN
Classification part 745.54
Holdings
Withdrawn status Lost status Not for loan Collection code Home library Current library Date acquired Source of acquisition Cost, normal purchase price Full call number Barcode Copy number Cost, replacement price Koha item type
      Non-fiction Bawana Bawana 19/08/2013 KKP/BL3088/11.04.2013/203/11.04.2013/16.05.2013 90.00 745.54 BEN B-523588 1 90.00 Children Books
      Non-fiction Narela Narela 19/08/2013 KKP/BL3088/11.04.2013/203/11.04.2013/16.05.2013 90.00 745.54 BEN B-523590 1 90.00 Children Books
      Non-fiction New Rohtak Road New Rohtak Road 19/08/2013 KKP/BL3088/11.04.2013/203/11.04.2013/16.05.2013 90.00 745.54 BEN B-523589 1 90.00 Children Books

© Delhi Public Library
Hit Counter
free hit counter